| 000 | 01602nam a22002895a 4500 | ||
|---|---|---|---|
| 003 | OSt | ||
| 005 | 20170502115818.0 | ||
| 008 | 161213s2013 ua frb 000 0 ara d | ||
| 015 | _a2013 / 7700 | ||
| 020 | _a9789770472729 | ||
| 040 |
_aEG-ScBUE _bara _cEG-ScBUE |
||
| 043 |
_af-ua--- _ae-fr--- _aa-ts--- |
||
| 082 | 0 | 4 |
_a341.522 _bع ب د _222 |
| 100 | 1 | _aعبد التواب، أحمد إبراهيم. | |
| 245 | 1 | 0 |
_aاتفاق التحكيم : _bمفهومه - أركانه وشروطه - نطاقه : دراسة في ضوء الفقه والقضاء في قانون التحكيم المصري والقانون الفرنسي الجديد الصادر بالمرسوم رقم 2011 - 48 بتاريخ 13 يناير 2011 وقانون الإجراءات المدنية الإماراتي وقوانين وأنظمة التحكيم المقارنة / _cأحمد إبراهيم عبد التواب. |
| 260 |
_aالقاهرة : _bدار النهضة العربية، _c2013. |
||
| 300 |
_a429 ص. ؛ _c24 سم. |
||
| 504 | _aيشتمل على إرجاعات ببليوجرافية. | ||
| 650 | 7 |
_aالتحكيم (فقه إسلامي) _2BUEsh |
|
| 650 | 7 |
_aالتحكيم (قانون المرافعات) _zمصر. |
|
| 650 | 7 |
_aالتحكيم (قانون المرافعات) _zفرنسا. |
|
| 650 | 7 |
_aالتحكيم (قانون المرافعات) _zالإمارات العربية المتحدة. |
|
| 650 | 7 |
_aقانون الإجراءات المدنية والإدارية _zالإمارات العربية المتحدة. |
|
| 651 | _2BUEsh | ||
| 653 |
_bLLAAWW _cDecember2016 |
||
| 942 | _2ddc | ||
| 999 |
_c24759 _d24731 |
||